Návrh parametrov PID regulátorov metódou SIMC (Skogestad IMC) bakalárska práca

Salvato in:
Dettagli Bibliografici
Autore principale: Furka, Matúš
Natura: Libro
Lingua:slovacco
Pubblicazione: Bratislava STU FCHPT 2017
Accesso online:Visualizza in OPAC
Tags: Aggiungi Tag
Nessun Tag, puoi essere il primo ad aggiungerne!!

MARC

LEADER 00000nam a2200000 a 4500
005 20260127134045.0
008 171130 2017 xo 001 0 slo d
035 |a vtls011724693 
039 9 |y 201711301220  |z mschk03 
040 |a STUSCHK1  |b slo  |c STUSCHK1  |e AACR2 
100 1 |a Furka, Matúš 
245 1 |a Návrh parametrov PID regulátorov metódou SIMC (Skogestad IMC)  |b bakalárska práca  |c 2017 
260 |a Bratislava  |b STU FCHPT  |c 2017 
300 |a 37 s.  |b il.  |c 25 cm 
500 |a Študijný odbor: automatizácia, informatizácia a manažment v chémii a potravinárstve 
500 |a Študijný odbor: automatizácia, priemyselné inžinierstvo 
500 |a Školiace pracovisko: Oddelenie informatizácie a riadenia procesov 
500 |a Evid. číslo: FCHPT-123283-61099 
910 |a SCHK95 
999 |c 3075  |d 3075